000 01590ngm a22003490a 4500
001 PT16699
003 AR-LpoUNG
005 20210202000228.0
007 vd cvaizq
008 191001s1993||||ag |||||||||||||||||spa d
037 _c$8.30
040 _aAR-LpoUNG
_bspa
_cAR-LpoUNG
_eaacr
041 _aspa
044 _aag
082 0 _a303.372 661tan
100 1 _aPiñeyro, Marcelo
_edir.
245 1 0 _aTango Feroz :
_bla leyenda de tanguito
260 _aSan Luis :
_bAVH,
_c1993.
300 _aVHS (125 min.) : son., col.
505 0 _aGuión: Aída Bortnik ; música: Osvaldo Montes.
520 _aEnmarcada en el Bs.As. del fin de los tumultuosos años 60, Tango Feroz cuenta la historia de un grupo de jóvenes románticos e idealistas, lanzados a vivir como si cada minuto fuera el último. Inspirada en la leyenda que dejó la trágica vida de José Alberto Iglesias "Tanguito", uno de los fundadores del movimiento rock en Argentina, la película deja de lado el relato biográfico para convertir al protagonista en el símbolo de esa generación que se atrevió a soñar en un mundo sin fronteras, y también a intentar convertir en realidad sus sueños. Fundamentalmente una historia de amor entre Tango y Mariana, que en su ansia de libertad eligió escapar de un futuro cómodo, aburrido y previsible.
650 4 _aARGENTINA
650 4 _aCULTURA
650 4 _aDESCONTENTO DE LOS JOVENES
650 4 _aJUVENTUD
650 4 _aSOCIEDAD
650 4 _aVALORES SOCIALES
653 _aCINE ARGENTINO
653 _aVIDEOS
905 _a16699
942 _cVIDEO
999 _c54393
_d54393